Doctrina del contrato del estado / por José Ignacio Monedero Gil
ISBN:
84-7196-052-4
Descripción Física:
446 p. ; 24 cm
Colección:
Estudios de hacienda pública
Otros Autores:
Ariño Ortiz, Gaspar
MARC
| LEADER | 00000nam a2200000Ia 4500 | ||
|---|---|---|---|
| 001 | 14392 | ||
| 008 | 160829s1977 xx 000 0 cat d | ||
| 020 | |a 84-7196-052-4 | ||
| 080 | |a M-4-224 | ||
| 100 | |a Monedero Gil, José Ignacio |9 23780 | ||
| 245 | |a Doctrina del contrato del estado / por José Ignacio Monedero Gil | ||
| 260 | |a [Madrid] : |b Instituto de Estudios Fiscales, |c 1977 | ||
| 300 | |a 446 p. ; |c 24 cm | ||
| 490 | |a Estudios de hacienda pública | ||
| 590 | |a Notes, referències bibliogràfiques, bibliografia. | ||
| 590 | |a Conté: Estudio - prólogo, contrato del Estado y 'common law' / Gaspar Ariño Ortiz | ||
| 650 | |a Contractes públics |9 27695 | ||
| 650 | |a Contractes públics |x Espanya |9 23782 | ||
| 700 | |a Ariño Ortiz, Gaspar |9 23783 | ||
| 710 | |a Instituto de Estudios Fiscales (Madrid) |9 52635 | ||
| 901 | |a Arxiu | ||
| 942 | |n 1 | ||
| 952 | |0 0 |1 0 |4 0 |6 M4224 |7 1 |9 42851 |a Arxiu |b Arxiu |d 2016-12-01 |l 0 |o M-4-224 |p 14392 |r 2016-12-01 00:00:00 |w 2016-12-01 |y ARXIU | ||
| 999 | |c 45357 |d 45357 | ||